Funkční a aplikovaná anatomie člověka Část 5

Bibliographic Details
Main Author: Dylevský, Ivan, 1940- (Author)
Format: Book
Language:Czech
PhysicalDescription:152 s. Obr. 30 cm
Published: Praha Státní pedagogické nakladatelství 1990
Edition:1. vyd.
Subjects:

MARC

LEADER 00000nam a22000000i 4500
001 vtls009669320
003 SK-MaSNL
005 20260301171439.0
008 251104s1990 xr rp 000 cze
020 |c 11,- Kčs 
035 |a (SVKBBclas03)vtls000041283 
040 |a SNK  |b slo  |c SNK  |e AACR2 
041 0 |a cze 
080 |a 611(075.8)  |2 1981 
100 1 |a Dylevský, Ivan,  |d 1940-,  |4 aut  |9 111337 
245 1 0 |a Funkční a aplikovaná anatomie člověka  |n Část 5  |c Ivan Dylevský 
250 |a 1. vyd. 
260 |a Praha  |b Státní pedagogické nakladatelství  |c 1990 
300 |a 152 s.  |b Obr.  |c 30 cm 
650 0 7 |a anatómia  |2 SNKPH  |9 695 
655 7 |a učebnice vysokých škôl  |2 SNKPH  |9 70191 
958 |a OND 
999 |c 830862  |d 832792 
952 |a SNK  |b SNK  |y VYP  |7 0  |p 17A0662621  |o snkIB 64270/5 D1  |i snkKIP 1674/91  |0 0  |1 1  |4 0  |d 2010-06-29  |l 0  |r 2026-02-24 03:37:09  |w 2026-02-24